Staatsschuldenkrisen und Staatsinsolvenzen Kapitalmarkt und Volkswirtschaft

Na minha lista:
Detalhes bibliográficos
Corporate Authors: WU-Lectures in Economics. Vorlesungsreihe: Staatsschuldenkrise und Staatsinsolvenz, Wirtschaftsuniversität Wien. Volkswirtschafts-Zentrum für Studierende, Wirtschaftsuniversität Wien. Büro des Departments Volkswirtschaft
Outros Autores: Tojner, Michael
Formato: Livro
Idioma:alemão
Publicado em: Wien DDr. Michael Tojner 2012
Assuntos:
Tags: Adicionar Tag
Sem tags, seja o primeiro a adicionar uma tag!

MARC

LEADER 00000nam a2200000 4500
001 0182624
005 20230220131457.2
020 |a 978-3-200-02584-4 
041 0 |a ger 
044 |a AT 
245 1 0 |a Staatsschuldenkrisen und Staatsinsolvenzen  |b Kapitalmarkt und Volkswirtschaft  |c Herausgeber: Michael Tojner 
264 1 |a Wien  |b DDr. Michael Tojner  |c 2012 
300 |a 174 s. 
610 2 0 |a štát 
610 2 0 |a zadlženosť 
610 2 0 |a dlhy štátne 
610 2 0 |a kríza 
610 2 0 |a insolventnosť 
610 2 0 |a trh kapitálový 
610 2 0 |a hospodárstvo národné 
610 2 0 |a Rakúsko 
700 1 |a Tojner, Michael 
110 2 |a WU-Lectures in Economics. Vorlesungsreihe: Staatsschuldenkrise und Staatsinsolvenz 
710 2 |a Wirtschaftsuniversität Wien. Volkswirtschafts-Zentrum für Studierende 
710 2 |a Wirtschaftsuniversität Wien. Büro des Departments Volkswirtschaft